书目信息 |
| 题名: |
古代美洲的玛雅文化
|
|
| 作者: | 景振国 著 | |
| 分册: | ||
| 出版信息: | 北京 商务印书馆 1983 |
|
| 页数: | 48页 | |
| 开本: | 19cm | |
| 丛书名: | ||
| 单 册: | ||
| 中图分类: | K731.2 | |
| 科图分类: | ||
| 主题词: | 玛雅文化 | |
| 电子资源: | ||
| ISBN: | ||
| 000 | 00628nam0 2200241 45 | |
| 001 | 0183004241 | |
| 005 | 20040510163253.6 | |
| 010 | @dCNY0.16 | |
| 091 | @a1107.605 | |
| 100 | @a19950526d1983 em y0chiy0121 ea | |
| 101 | 0 | @achi |
| 102 | @aCN@b110000 | |
| 105 | @ay z 000yy | |
| 106 | @ar | |
| 200 | 10 | @a古代美洲的玛雅文化@Agu dai mei zhou de ma ya wen hua@f景振国著 |
| 210 | @a北京@c商务印书馆@d1983 | |
| 215 | @a48页@d19cm | |
| 606 | @a玛雅文化 | |
| 690 | @aK731.2@v3 | |
| 701 | 0 | @a景振国@Ajing zhen guo@4著 |
| 801 | 0 | @aCN@b上海图书馆@c20040510 |
| 801 | 2 | @aCN@bNLC@c20040510 |
| 905 | @f2@b94990-991@dK731.2@e1 | |
| 古代美洲的玛雅文化/景振国著.-北京:商务印书馆,1983 |
| 48页;19cm |
| ISBN :CNY0.16 |
| ● |
| 相关链接 |
|
|
|
|
正题名:古代美洲的玛雅文化
索取号:K731.2/1
 
预约/预借
| 序号 | 登录号 | 条形码 | 馆藏地/架位号 | 状态 | 备注 |
| 1 | 0094990 | 001413866 | 密集书库/ [索取号:K731.2/1] | 在馆 | |
| 2 | 0094991 | 001413786 | 密集书库/ [索取号:K731.2/1] | 在馆 | |
| 3 | 0094992 | 001413795 | 第二样本阅览室/ [索取号:K731.2/1] | 在馆 |